Indalecio Prieto y Asturias : (Record no. 195864)
[ view plain ]
| 000 -LEADER | |
|---|---|
| campo de control de longitud fija | 01676nam a2200373 i 4500 |
| 001 - NÚMERO DE CONTROL | |
| campo de control | 195864 |
| 003 - IDENTIFICADOR DE NÚMERO DE CONTROL | |
| campo de control | SpMaBN |
| 005 - FECHA Y HORA DE LA ÚLTIMA TRANSACCIÓN | |
| campo de control | 20250319063312.0 |
| 008 - DATOS DE LONGITUD FIJA--INFORMACIÓN GENERAL | |
| campo de control de longitud fija | 240727s2016 sp a o000 0dspa |
| 015 ## - NÚMERO DE BIBLIOGRAFÍA NACIONAL | |
| Número de bibliografía nacional | MON16 |
| 017 ## - NÚMERO DE COPYRIGHT O DE DEPÓSITO LEGAL | |
| Número de copyright o de depósito legal | AS 2126-2016 |
| Agencia que asigna | Oficina Depósito Legal Asturias |
| 035 ## - NÚMERO DE CONTROL DEL SISTEMA | |
| Número de control de sistema | (OCoLC)989154323 |
| 035 ## - NÚMERO DE CONTROL DEL SISTEMA | |
| Número de control de sistema | a5958411 |
| 040 ## - FUENTE DE CATALOGACIÓN | |
| Centro catalogador/agencia de origen | SpMaBN |
| Lengua de catalogación | spa |
| Centro/agencia transcriptor | SpMaBN |
| Normas de descripción | rdc |
| Centro/agencia modificador | ES-MaACL |
| 080 ## - NÚMERO DE LA CLASIFICACIÓN DECIMAL UNIVERSAL | |
| Número de la Clasificación Decimal Universal | 32 Prieto, Indalecio (083.824) |
| 080 ## - NÚMERO DE LA CLASIFICACIÓN DECIMAL UNIVERSAL | |
| Número de la Clasificación Decimal Universal | 94(460.12)(083.824) |
| 245 00 - MENCIÓN DEL TÍTULO | |
| Título | Indalecio Prieto y Asturias : |
| Resto del título | catálogo de la exposición a celebrar del 1 al 24 de julio de 2016 en la Sala Trascorrales de Oviedo / |
| Mención de responsabilidad, etc. | comisarios, Mª Concepción Paredes Naves, Ángel Argüelles Crespo. |
| 260 ## - PUBLICACIÓN, DISTRIBUCIÓN, ETC. | |
| Lugar de publicación, distribución, etc. | [Oviedo] : |
| Nombre del editor, distribuidor, etc. | Gobierno del Principado de Asturias, Consejería de Educación y cultura, |
| Fecha de publicación, distribución, etc. | D.L. 2016. |
| 300 ## - DESCRIPCIÓN FÍSICA | |
| Extensión | 238 p., XVI, XXXII p. de lám. col. y n. ; |
| Dimensiones | 24 cm |
| 336 ## - TIPO DE CONTENIDO | |
| Término de tipo de contenido | Texto (visual) |
| Fuente | isbdcontent |
| 337 ## - TIPO DE MEDIO | |
| Nombre/término del tipo de medio | sin mediación |
| Fuente | isbdmedia |
| 338 ## - TIPO DE SOPORTE | |
| Fuente | rdacarrier |
| Nombre/término del tipo de soporte | volumen |
| 600 14 - PUNTO DE ACCESO ADICIONAL DE MATERIA--NOMBRE DE PERSONA | |
| Nombre de persona | Prieto, Indalecio, |
| Fechas asociadas al nombre | 1883-1962 |
| 9 (RLIN) | 93889 |
| 651 #0 - PUNTO DE ACCESO ADICIONAL DE MATERIA--NOMBRE GEOGRÁFICO | |
| Nombre geográfico | Asturias (Comunidad Autónoma)- |
| Subdivisión general | Historia- |
| Subdivisión de forma | Exposiciones |
| Fuente del encabezamiento o término | embne |
| 9 (RLIN) | 237613 |
| 655 #7 - TERMINO DE INDIZACIÓN--GENERO/FORMA | |
| Fuente del término | tgfbne |
| 9 (RLIN) | 193628 |
| Datos o término principal de género/forma | Catálogos de exposiciones |
| 700 ## - ENTRADA AGREGADA--NOMBRE PERSONAL | |
| Nombre de persona | Paredes Naves, María Concepción |
| 9 (RLIN) | 237614 |
| 700 1# - ENTRADA AGREGADA--NOMBRE PERSONAL | |
| Nombre de persona | Argüelles Crespo, Ángel |
| Relación | orm |
| 9 (RLIN) | 237615 |
| 710 2# - ENTRADA AGREGADA--NOMBRE DE ENTIDAD CORPORATIVA | |
| Nombre de entidad corporativa o nombre de jurisdicción como elemento de entrada | Sala Trascorrales (Oviedo) |
| Relación | his |
| 9 (RLIN) | 237616 |
| 852 ## - LOCALIZACIÓN | |
| Ubicación | ES-MaACL |
| Sublocalización o colección | R.152802 |
| Ubicación en estantería | Depósito J |
| Número de control de estantería | N-8948 |
| Donativo/Legado | Donación: Editorial |
| Encuadernación | Encuadernación: rústica con solapas |
| itemnumber | 204822 |
| 942 ## - ELEMENTOS DE ENTRADA SECUNDARIOS (KOHA) | |
| Suprimir en OPAC | No |
| Tipo de ítem Koha | Libro impreso |
| Estatus retirado | Estado de pérdida | Fuente del sistema de clasificación o colocación | Estado de daño | No para préstamo | Biblioteca de origen | Biblioteca actual | Ubicación en estantería | Fecha de adquisición | Fuente de adquisición | Total de préstamos | Signatura topográfica completa | Código de barras | Visto por última vez | Precio de reemplazo | Tipo de ítem Koha |
|---|---|---|---|---|---|---|---|---|---|---|---|---|---|---|---|
| Clasificación decimal universal | Biblioteca del Ateneo de Madrid | Biblioteca del Ateneo de Madrid | Depósito J | 17/03/2025 | Donación | N-8948 | 101229669 | 17/03/2025 | 17/03/2025 | Libro impreso |
